[Event "CAN-ch U12"]
[Site "Vancouver"]
[Date "2012.07.03"]
[Round "2"]
[White "Liu, Danny"]
[Black "Li, Kevin1111"]
[Result "1-0"]
[WhiteElo "1005"]
[BlackElo "725"]
[PlyCount "65"]
[EventDate "2012.07.03"]
[EventType "swiss"]
[EventRounds "7"]
[EventCountry "CAN"]
[SourceTitle "EXT 2022"]
[Source "ChessBase"]
[SourceDate "2021.10.06"]
[SourceVersion "1"]
[SourceVersionDate "2021.10.06"]
[SourceQuality "1"]

1. e4 e6 2. d4 d5 3. Nc3 c5 4. Nf3 Nf6 5. e5 Nfd7 6. Be2 f5 7. exf6 gxf6 8. 0-0 Nc6 9. Bf4 Qb6 10. a3 e5 11. dxe5 fxe5 12. Bg3 Qxb2 13. Na4 Qxa1 14. Qxa1 Rg8 15. Nxe5 Ncxe5 16. Bxe5 b6 17. Bf3 Bb7 18. Re1 0-0-0 19. Qd1 d4 20. c3 Nxe5 21. Bxb7+ Kxb7 22. Rxe5 Kc7 23. g3 dxc3 24. Qb3 Rd6 25. Re2 h5 26. Nxc3 h4 27. Nb5+ Kb8 28. Nxd6 Bxd6 29. Qxg8+ Kb7 30. Re7+ Ka6 31. Qc8+ Ka5 32. Rxa7+ Kb5 33. Qe8+ 1-0